|
|
|
|
| LEADER |
00000nam0a2200000 4500 |
| 001 |
41781 |
| 005 |
20231031014706.0 |
| 010 |
|
|
|a 522202251X
|
| 035 |
|
|
|a (RuTPU)RU\TPU\book\42913
|
| 090 |
|
|
|a 41781
|
| 100 |
|
|
|a 20020703d2002 m y0rusy50 ca
|
| 101 |
0 |
|
|a rus
|
| 102 |
|
|
|a RU
|
| 105 |
|
|
|a y j 001zy
|
| 200 |
1 |
|
|a Бизнес-план предприятия
|e Теория и практика
|f И. Ю. Бринк, Н. А. Савельева
|
| 210 |
|
|
|a Ростов-на-Дону
|c Феникс
|d 2002
|
| 215 |
|
|
|a 384 с.
|
| 225 |
1 |
|
|a Учебники, учебные пособия
|
| 320 |
|
|
|a Библиогр.: с. 371-374
|
| 333 |
|
|
|a Исключено из фонда НТБ ТПУ
|
| 686 |
|
|
|a У9(2)29-23я73
|v LBC/SL-A
|2 rubbk
|
| 686 |
|
|
|a У012.1я73
|v LBC/SL-A
|2 rubbk
|
| 700 |
|
1 |
|a Бринк
|b И. Ю.
|g Иван Юрьевич
|
| 701 |
|
1 |
|a Савельева
|b Н. А.
|g Нелли Александровна
|
| 801 |
|
1 |
|a RU
|b 63413507
|c 20020703
|g PSBO
|
| 801 |
|
2 |
|a RU
|b 63413507
|c 20211025
|g PSBO
|
| 942 |
|
|
|c BK
|